| 000 | 01081cam a22002777a 4500 | ||
|---|---|---|---|
| 999 |
_c234854 _d234854 |
||
| 001 | 13735555 | ||
| 003 | Nust | ||
| 005 | 20170331120540.0 | ||
| 008 | 040517s2004 sz a b 001 0 eng d | ||
| 010 | _a 2004456822 | ||
| 020 | _a9241562609 | ||
| 035 | _a(OCoLC)ocm55523256 | ||
| 040 |
_aEQO _cEQO _dDLC |
||
| 042 | _alccopycat | ||
| 050 | 0 | 0 |
_aHE5614 _b.W598 2004 |
| 082 | _a330 PED | ||
| 245 | 0 | 0 |
_aWorld report on road traffic injury prevention / _cedited by Margie Peden ... [et al.]. |
| 260 |
_aGeneva : _bWorld Health Organization, _c2004. |
||
| 300 |
_axv, 217 p. : _bill. ; _c27 cm. |
||
| 504 | _aIncludes bibliographical references and index. | ||
| 650 | 0 | _aTraffic safety. | |
| 650 | 0 |
_aCrash injuries _xPrevention. |
|
| 700 | 1 | _aPeden, M. M. | |
| 710 | 2 | _aWorld Health Organization. | |
| 906 |
_a7 _bcbc _ccopycat _d3 _encip _f20 _gy-gencatlg |
||
| 942 |
_2ddc _cBK |
||